01019cam a2200301 a 4500001000500000005001700005020001500022040001800037050002100055082000800076100002000084245008200104246002200186260003600208300005800244490004400302505000800346520009900354521003000453521002000483650002700503650002500530650003000555650002000585650001900605700002700624700006600651377020240506150445.0 a0307131424 aDLCcDLCbeng00aPZ7.B73884b199900a3031 aBraybrooks, Ann10aPooh :bvery best friends /cwritten Ann Braybrooks ; illustrated by Arkadia.30aVery best friends aNew York :bGolden Books,c1999 a24 unnumbered pages : bcolor illustrations ;c21 cm. aWinnie the Pooh (Disney) (Golden Book)  aM  aPooh becomes concerned when he does not receive a Valentin es Day card from Christopher Robin. a530 bLexile estimate  aM bRaz-Plus  1aBest friendsvFiction. 1aFriendshipvFiction. 1aValentine's DayvFiction. 1aBearsvFiction. 1aToysvFiction.0 aArkadia,eillustrator 1 aMilne, A. A.q(Alan Alexander),d1882-1956.tWinnie the Pooh.